Memoria acerca del estado del Instituto Provincial de Segunda Enseñanza de Vitoria leida en la apertura del curso académico de 1873 á 1874 / (Record no. 156032)

MARC details
000 -LEADER
campo de control de longitud fija 00848nam a22001815i 4500
001 - NÚMERO DE CONTROL
campo de control 156032
003 - IDENTIFICADOR DE NÚMERO DE CONTROL
campo de control ES-MaACL
005 - FECHA Y HORA DE LA ÚLTIMA TRANSACCIÓN
campo de control 20230906210310.0
008 - DATOS DE LONGITUD FIJA--INFORMACIÓN GENERAL
campo de control de longitud fija 040923s1873 sp |||| | spa d
040 ## - FUENTE DE CATALOGACIÓN
Centro catalogador/agencia de origen CAM
Lengua de catalogación spa
Centro/agencia transcriptor CAM
110 2# - ENTRADA PRINCIPAL--NOMBRE DE ENTIDAD CORPORATIVA
Nombre de entidad corporativa o nombre de jurisdicción como elemento de entrada Instituto Provincial de Segunda Enseñanza de Vitoria.
9 (RLIN) 134539
245 10 - MENCIÓN DEL TÍTULO
Título Memoria acerca del estado del Instituto Provincial de Segunda Enseñanza de Vitoria leida en la apertura del curso académico de 1873 á 1874 /
Mención de responsabilidad, etc. por Santiago Moreno y Rey.
260 ## - PUBLICACIÓN, DISTRIBUCIÓN, ETC.
Lugar de publicación, distribución, etc. Vitoria :
Nombre del editor, distribuidor, etc. [s.n.],
Fecha de publicación, distribución, etc. 1873 (
Fabricante Imprenta de los hijos de Manteli)
300 ## - DESCRIPCIÓN FÍSICA
Extensión 15, [11] p. ;
Dimensiones 21 cm.
610 24 - PUNTO DE ACCESO ADICIONAL DE MATERIA--NOMBRE DE ENTIDAD CORPORATIVA
Nombre de entidad corporativa o nombre de jurisdicción como elemento de entrada Instituto Provincial de Segunda Enseñanza de Vitoria-
Subdivisión general Memorias.
9 (RLIN) 145013
700 1# - ENTRADA AGREGADA--NOMBRE PERSONAL
Nombre de persona Moreno y Rey, Santiago.
9 (RLIN) 130184
852 ## - LOCALIZACIÓN
Ubicación ES-MaACL
Número de control de estantería T-157-F-9
Nota libre -- Enc. hol.
condición física -- Falto de la cub. original
Nota libre -- Enc. en un vol. facticio
Holdings
Estatus retirado Estado de pérdida Estado de daño No para préstamo Colección Biblioteca de origen Biblioteca actual Ubicación en estantería Fecha de adquisición Total de préstamos Signatura topográfica completa Código de barras Visto por última vez Precio de reemplazo Tipo de ítem Koha
        Colección de folletos Biblioteca del Ateneo de Madrid Biblioteca del Ateneo de Madrid Depósito folletos 17/01/2008   T-157-F-9 1163237 23/02/2023 23/02/2023 Folleto